Královská sága plná sexu. Kniha pátá, Polibek /
Pokračování erotického románu o vztahu mezi Belle a Smithem, který přerůstá v něco víc.
Uloženo v:
| Série: | Královská sága,
část 5 |
|---|---|
| Hlavní autor: | |
| Další autoři: | |
| Médium: | E-kniha |
| Jazyk: | Czech |
| Vydáno: |
Praha :
Dobrovský s.r.o.,
2024
|
| Edice: | Red
|
| Témata: | |
| Příbuzné jednotky: | Z cyklu::
Královská sága |
| Tagy: |
Žádné tagy |
| LEADER | 02539nam a2200481 i 4500 | ||
|---|---|---|---|
| 001 | 312601 | ||
| 003 | CZ PrSKC | ||
| 005 | 20260601215725.0 | ||
| 007 | ta | ||
| 008 | 241216s2024 xr e 000 f cze | ||
| 015 | |a cnb003662199 | ||
| 020 | |a 9788027742004 |q (brožováno) : |c Kč 349,00 | ||
| 035 | |a (OCoLC)1505964993 | ||
| 040 | |a ABG001 |b cze |e rda | ||
| 041 | 1 | |a cze |h eng | |
| 072 | 7 | |a 821.111(73)-3 |x Americká próza |2 Konspekt | |
| 080 | |a 821.111(73)-31 |2 MRF | ||
| 080 | |a (0:82-993) |2 MRF | ||
| 100 | 1 | |a Lee, Geneva |7 xx0269323 |4 aut | |
| 240 | 1 | 0 | |a Covet me. |l Česky |
| 245 | 1 | 0 | |a Královská sága plná sexu. |n Kniha pátá, |p Polibek / |c Geneva Lee ; přeložila Martina Balzano |
| 246 | 3 | 0 | |a Polibek |
| 246 | 1 | 4 | |a Royal |
| 264 | 1 | |a Praha : |b Dobrovský s.r.o., |c 2024 | |
| 300 | |a 222 stran ; |c 20 cm | ||
| 336 | |a text |b txt |2 rdacontent | ||
| 337 | |a bez média |b n |2 rdamedia | ||
| 338 | |a svazek |b nc |2 rdacarrier | ||
| 490 | 1 | |a Red | |
| 500 | |a Přeloženo z angličtiny | ||
| 520 | 2 | |a Pokračování erotického románu o vztahu mezi Belle a Smithem, který přerůstá v něco víc. |b Belle Stuartová mi vrazila do života s karmínovými rty a chytrou pusou, kterou mě tak provokovala, že bylo nemožné neukázat jí, kam patří a nedostat ji na kolena a do mé postele. Náš vztah byl komplikovaný, ale dvě věci byly vždycky naprosto jasné. Zaprvé - neodolatelně nás to k sobě táhne. Zadruhé - měla by se ode mě držet dál. Chtít ji a být s ní je bezohledné. Nemůžu bez ní žít, ale už jen moje přítomnost ji vystavuje smrtelnému nebezpečí. A každý další den přináší další riziko, další zkoušku odvahy i našeho vztahu. Nakladatelská anotace. Kráceno. | |
| 655 | 7 | |a americké romány |7 fd131796 |2 czenas | |
| 655 | 7 | |a erotické romány |7 fd132211 |2 czenas | |
| 655 | 9 | |a American fiction |2 eczenas | |
| 655 | 9 | |a erotic novels |2 eczenas | |
| 700 | 1 | |a Balzano, Martina, |d 1985- |7 xx0318418 |4 trl | |
| 787 | 0 | 8 | |i Z cyklu: |t Královská sága |g 5 |
| 830 | 0 | |a Red | |
| 900 | |a ABA001 |b 21 | ||
| 044 | |a xr | ||
| 910 | |a RBIT002 | ||
| 998 | |d 416624 |a https://core.palmknihy.cz/api/books/416624/cover?sonwqg |b https://core.palmknihy.cz/api/books/416624/cover/400?sonwqg |c https://core.palmknihy.cz/api/books/416624/cover/50?sonwqg |e 2029-05-05 |g 224 |i 9788027742004 |j https://core.palmknihy.cz/api/books/416624/preview.epub |k https://core.palmknihy.cz/api/books/416624/preview.pdf |l |q 49 |r 1 |s https://www.palmknihy.cz/kniha/416624 |t ebook |y 2024 |z 0 |v Královská sága |w 5 | ||
| 999 | |d 312599 | ||